|
|
|
|
| LEADER |
00715nab a2200181 i 4500 |
| 001 |
acta13501 |
| 005 |
20210531151521.0 |
| 008 |
161015s1940 hu o 0|| fre d |
| 022 |
|
|
|a 0324-5462
|
| 040 |
|
|
|a SZTE Egyetemi Kiadványok Repozitórium
|b hun
|
| 041 |
|
|
|a fre
|
| 100 |
1 |
|
|a Riesz Frigyes
|
| 245 |
1 |
0 |
|a Sur le théorème de Jordan
|h [elektronikus dokumentum] /
|c Riesz Frigyes
|
| 260 |
|
|
|c 1940
|
| 300 |
|
|
|a 154-162
|
| 490 |
0 |
|
|a Acta litterarum ac scientiarum Regiae Universitatis Hungaricae Francisco-Josephinae : Sectio scientiarum mathematicarum
|v 9
|
| 695 |
|
|
|a Jordán Károly, Természettudomány, Matematika, Művelődés
|
| 856 |
4 |
0 |
|u http://acta.bibl.u-szeged.hu/13501/1/math_009_154-162.pdf
|z Dokumentum-elérés
|